Symposium sobre política económica 1987
Se hace un comentario acerca del "Symposium sobre política económica 1987", cuyos principales temas debatidos son acerca del sector externo, políticas agropecuarias, política industrial, política laboral y política de abastecimiento. EL/EM
Guardado en:
| Format: | Texto |
|---|---|
| Fag: | |
| Tags: |
Tilføj Tag
Ingen Tags, Vær først til at tagge denne postø!
|
MARC
| LEADER | 00000 a a2200000 04500 | ||
|---|---|---|---|
| 001 | 16619 | ||
| 003 | |||
| 040 | |||
| 245 | |a Symposium sobre política económica 1987 | ||
| 520 | |a Se hace un comentario acerca del "Symposium sobre política económica 1987", cuyos principales temas debatidos son acerca del sector externo, políticas agropecuarias, política industrial, política laboral y política de abastecimiento. EL/EM | ||
| 650 | |a POLITICA ECONOMICA | ||
| 650 | |a POLITICA AGRARIA | ||
| 650 | |a POLITICA INDUSTRIAL | ||
| 650 | |a POLITICA LABORAL | ||
| 650 | |a POLITICA ALIMENTARIA | ||
| 773 | |g número 3; páginas 38-39 | ||
| 999 | |c 38856 |d 38856 | ||
